Biggest Cities in Oklahoma - Statistics

General Stats
  • This quiz has been taken 6,182 times
    3,782 since last reset
  • The average score is 9 of 20
Answers on the Map
Answers color-coded by a green-red scale on the quiz's map according to % correct below.
 
Answer Stats
Population City % Correct
712,919 Oklahoma City
100%
415,154 Tulsa
96%
131,010 Norman
75%
122,756 Broken Arrow
70%
90,027 Lawton
52%
50,138 Stillwater
52%
99,040 Edmond
51%
50,519 Enid
51%
63,845 Moore
46%
36,849 Muskogee
41%
58,505 Midwest City
36%
38,355 Bartlesville
31%
32,092 Shawnee
31%
27,068 Yukon
31%
25,064 Ardmore
29%
27,869 Jenks
29%
42,821 Owasso
29%
24,234 Ponca City
29%
31,728 Bixby
26%
23,965 Mustang
25%
No matching quizzes found
Score Distribution
Percent of People with Each Score
Percentile by Number Answered
Your Score History
You have not taken this quiz since the last reset